000 00460nam a2200181Ia 4500
001 972
005 20260306140557.0
008 260306t2007||||xx |||||||||||||| ||spa||
041 _aESP
082 _a174.957
_bW49
100 _aWetternick, Ernani Miguel Lacerda
_eAUT
245 0 _aBioética clínica :
_banálise ética de casos clínicos
260 _c2007
300 _a220 páginas :
_ccm.
650 _aGEN
654 _aCPS
942 _cLIB
_dJUS
_fJUS
_2ddc
_n
999 _c972
_d972